By the River Piedra I sat down and wept / (Record no. 4112)
[ view plain ]
| 000 -LEADER | |
|---|---|
| fixed length control field | 01592cam a2200349 a 4500 |
| 001 - CONTROL NUMBER | |
| control field | 674160 |
| 003 - CONTROL NUMBER IDENTIFIER | |
| control field | Nust |
| 005 - DATE AND TIME OF LATEST TRANSACTION | |
| control field | 20180726063646.0 |
| 008 - FIXED-LENGTH DATA ELEMENTS--GENERAL INFORMATION | |
| fixed length control field | 951229r19961994cau 000 1 eng |
| 010 ## - LIBRARY OF CONGRESS CONTROL NUMBER | |
| LC control number | 95053948 |
| 020 ## - INTERNATIONAL STANDARD BOOK NUMBER | |
| International Standard Book Number | 9788172235307 (pbk) |
| Terms of availability | Rs. 436 |
| 038 ## - RECORD CONTENT LICENSOR | |
| Staff Name | Arshad |
| 040 ## - CATALOGING SOURCE | |
| Original cataloging agency | DLC |
| Transcribing agency | DLC |
| Modifying agency | DLC |
| -- | OCoLC |
| -- | DLC |
| 041 1# - LANGUAGE CODE | |
| Language code of text/sound track or separate title | eng |
| Language code of original | por |
| 043 ## - GEOGRAPHIC AREA CODE | |
| Geographic area code | e-fr--- |
| -- | e-sp--- |
| 050 00 - LIBRARY OF CONGRESS CALL NUMBER | |
| Classification number | PQ9698.13.O3546 |
| Item number | N313 1996 |
| 082 00 - DEWEY DECIMAL CLASSIFICATION NUMBER | |
| Classification number | 869.3 |
| Author Mark | COE |
| 100 1# - MAIN ENTRY--PERSONAL NAME | |
| Personal name | Coelho, Paulo. |
| 9 (RLIN) | 3636 |
| 240 10 - UNIFORM TITLE | |
| Uniform title | Na margem do rio Piedra eu sentei e chorei. |
| Language of a work | English |
| 245 10 - TITLE STATEMENT | |
| Title | By the River Piedra I sat down and wept / |
| Statement of responsibility, etc. | Paulo Coelho ; translated by Alan R. Clarke. |
| 250 ## - EDITION STATEMENT | |
| Edition statement | 1st ed. |
| 260 ## - PUBLICATION, DISTRIBUTION, ETC. | |
| Place of publication, distribution, etc. | [San Francisco, CA] : |
| Name of publisher, distributor, etc. | HarperSanFrancisco, |
| Date of publication, distribution, etc. | 1996. |
| 300 ## - PHYSICAL DESCRIPTION | |
| Extent | x, 210 p. ; |
| Dimensions | 22 cm. |
| 500 ## - GENERAL NOTE | |
| General note | Originally published: Rio de Janeiro : Editora Rocca, c1994. |
| 520 1# - SUMMARY, ETC. | |
| Summary, etc. | "The story of a young Spanish woman, Pilar, and her encounter with her lost love, an unnamed spiritual seeker who comes to worship the feminine face of God. Clarke's translation is, as usual, somewhat hurried and condensed as if he's impatient with Coelho's admittedly belabored and self-consciously poetical style"--Handbook of Latin American Studies, v. 58. |
| Uniform Resource Identifier | <a href="http://www.loc.gov/hlas/">http://www.loc.gov/hlas/</a> |
| 651 #0 - SUBJECT ADDED ENTRY--GEOGRAPHIC NAME | |
| Geographic name | Pyrenees |
| Form subdivision | Fiction. |
| 9 (RLIN) | 11998 |
| 655 #7 - INDEX TERM--GENRE/FORM | |
| Genre/form data or focus term | Love stories. |
| Source of term | gsafd |
| 9 (RLIN) | 418 |
| 700 1# - ADDED ENTRY--PERSONAL NAME | |
| Personal name | Clarke, Alan |
| Fuller form of name | (Alan R.) |
| 9 (RLIN) | 11999 |
| 906 ## - LOCAL DATA ELEMENT F, LDF (RLIN) | |
| a | 7 |
| b | cbc |
| c | orignew |
| d | 1 |
| e | ocip |
| f | 19 |
| g | y-gencatlg |
| 942 ## - ADDED ENTRY ELEMENTS (KOHA) | |
| Source of classification or shelving scheme | |
| Koha item type | Book |
| Withdrawn status | Lost status | Source of classification or shelving scheme | Damaged status | Not for loan | Collection code | Permanent Location | Current Location | Shelving location | Date acquired | Total Checkouts | Total Renewals | Full call number | Barcode | Date last seen | Date last checked out | Copy number | Price effective from | Koha item type | Checked out |
|---|---|---|---|---|---|---|---|---|---|---|---|---|---|---|---|---|---|---|---|
| Central Library (CL) | Central Library (CL) | Fiction | 12/27/2016 | 12 | 3 | 869.3 COE | CL77 | 02/02/2026 | 11/30/2024 | 1 | 12/27/2016 | Book | |||||||
| Central Library (CL) | Central Library (CL) | 01/24/2019 | 6 | 5 | 869.3 COE | NIT-9428 | 01/19/2024 | 01/19/2024 | 01/24/2019 | Book | 07/01/2025 | ||||||||
| Central Library (CL) | Central Library (CL) | Fiction | 07/12/2025 | 1 | 869.342 COE | CL-D-2816 | 02/26/2026 | 02/26/2026 | 07/12/2025 | Book | 03/28/2026 |
